Vista normal
Vista MARC
Entrada Personal Name
Número de registros utilizados en: 4
001 - CONTROL NUMBER
- control field: 8299
003 - CONTROL NUMBER IDENTIFIER
- control field: DLC
005 - DATE AND TIME OF LATEST TRANSACTION
- control field: 20221012091624.0
008 - FIXED-LENGTH DATA ELEMENTS
- fixed length control field: 960611n| acannaabn |a aaa
010 ## - LIBRARY OF CONGRESS CONTROL NUMBER
- LC control number: n 96057255
035 ## - SYSTEM CONTROL NUMBER
- System control number: (OCoLC)oca04096758
040 ## - CATALOGING SOURCE
- Original cataloging agency: DLC
- Language of cataloging: spa
- Transcribing agency: Mx-PuUPA
- Modifying agency: OCoLC
- Modifying agency: Mx-PuUPA
- Description conventions: rda
100 1# - HEADING--PERSONAL NAME
- Personal name: Martínez Vélez, Oscar,
374 ## - OCCUPATION
- Occupation: Autor
375 ## - GENDER
- Gender: hombre
377 ## - ASSOCIATED LANGUAGE
- Language code: spa
400 1# - SEE FROM TRACING--PERSONAL NAME
- Personal name: Vélez, Oscar Martínez
670 ## - SOURCE DATA FOUND
- Source citation: Premio estatal de literatura Juan B. ... 1994:
- Information found: t.p. (Oscar Martínez Vélez)
670 ## - SOURCE DATA FOUND
- Source citation: Biblioteca del congreso (Estados Unidos), 22 octubre 2018:
- Information found: catálogo electrónico
- Uniform Resource Identifier: https://goo.gl/wEQ2Xm